Objects in Movie Titles Quiz Stats

 Plays Quiz Updated Dec 24, 2014

Support Sporcle.
Go Orange.
Score 0/24 Timer 08:00
1 Play Today
% Correct
Titanic
99.3%
The Lord of the Rings: The Fellowship of the Ring
96.9%
The Mask
96.4%
Saw
89.1%
The Green Mile
84.3%
Charlie and the Chocolate Factory
81.2%
Hot Tub Time Machine
80.9%
Harry Potter and the Goblet of Fire
76.3%
The Chronicles of Narnia: The Lion, the Witch, and the Wardrobe
75.3%
Black Hawk Down
70.7%
The Cabin in the Woods
70.5%
Phone Booth
67.2%
% Correct
Schindler's List
67%
Monty Python and the Holy Grail
65.7%
Indiana Jones and the Kingdom of the Crystal Skull
59.7%
The Grand Budapest Hotel
58.5%
The Notebook
55.2%
The Bridge on the River Kwai
50.5%
The Golden Compass
48.3%
Shutter Island
44.1%
Gran Torino
43.7%
The Wicker Man
42.4%
Lock, Stock and Two Smoking Barrels
38.8%
Fast Times at Ridgemont High
36.4%

You're not logged in!

Compare scores with friends on all Sporcle quizzes.
OR
Log In

From the Vault

Sunday Crossword: Good Riddance

by anonymous987

Good riddance until next Sunday, where there might be another crossword.
Remove Ads.
Support Sporcle.
Get the best of Sporcle when you Go Orange. This ad-free experience offers more features, more stats, and more fun while also helping to support Sporcle. Thank you for becoming a member.

Show Comments

Extras

Top Quizzes Today


Score Distribution

Your Account Isn't Verified!

In order to create a playlist on Sporcle, you need to verify the email address you used during registration. Go to your Sporcle Settings to finish the process.

Report this User

Report this user for behavior that violates our Community Guidelines.

Details: